[Event "18th Tilburg Interpolis it"]
[Site "Tilburg NED"]
[Date "1994.??.??"]
[Round "2.4"]
[White "Csernyin, Alexander"]
[Black "Boensch, Uwe"]
[Result "1-0"]
[WhiteElo "2615"]
[BlackElo "2540"]
[EventDate "1994.??.??"]
[PlyCount "101"]

1. c4 e6 2. g3 d5 3. Bg2 dxc4 4. Qa4+ Nd7 5. Na3 Ngf6 6. Nxc4 Be7 7. Nf3 O-O 8.
O-O c5 9. d3 a6 10. Qc2 Ra7 11. a4 b6 12. e4 Bb7 13. h3 Ra8 14. Bf4 Nh5 15. Bd2
Rc8 16. Qb3 Bc6 17. Bc3 Nhf6 18. Nfe5 Nxe5 19. Nxe5 Ba8 20. Kh2 Rb8 21. f4 Nd7
22. f5 Nxe5 23. Bxe5 Bd6 24. Bc3 Qc7 25. fxe6 Bxg3+ 26. Kh1 f6 27. Rf5 Qe7 28.
Raf1 b5 29. axb5 axb5 30. d4 c4 31. Qd1 b4 32. Bd2 Qxe6 33. Qg4 Bc7 34. Rc5
Qxg4 35. hxg4 Bd6 36. Rxc4 Rfe8 37. d5 Bb7 38. Rfc1 b3 39. Bf3 Be5 40. Bc3 Ba6
41. Bxe5 Rxe5 42. Rd4 Bc8 43. Kg2 Bd7 44. Rc7 Be8 45. d6 Rd8 46. d7 Bxd7 47.
Rdxd7 Rxd7 48. Rxd7 Rc5 49. Bd1 Kf8 50. Bxb3 Rb5 51. Rd3 1-0

[Event "18th Tilburg Interpolis it"]
[Site "Tilburg NED"]
[Date "1994.??.??"]
[Round "2.3"]
[White "Cvitan, Ognjen"]
[Black "Kengis, Edvins"]
[Result "1/2-1/2"]
[WhiteElo "2585"]
[BlackElo "2580"]
[EventDate "1994.??.??"]
[PlyCount "140"]

1. Nf3 b6 2. g3 c5 3. Bg2 Bb7 4. c4 g6 5. O-O Bg7 6. Nc3 Nc6 7. b3 Nh6 8. Bb2
Nf5 9. d3 O-O 10. Qd2 d6 11. e3 e6 12. Rad1 Qe7 13. Ne2 Ne5 14. Ne1 Bxg2 15.
Kxg2 d5 16. cxd5 exd5 17. d4 Ng4 18. Nc2 Rfd8 19. h3 Nf6 20. dxc5 Ne4 21. Qc1
Bxb2 22. Qxb2 bxc5 23. Nf4 d4 24. exd4 cxd4 25. Kh2 Ng5 26. Ne1 h5 27. h4 Ne4
28. Nf3 Nf6 29. Rfe1 Ng4+ 30. Kg1 Qf6 31. Re4 Qc6 32. Qe2 Nge3 33. Rdxd4 Nxd4
34. Rxd4 Rxd4 35. Nxd4 Qc1+ 36. Kh2 Ng4+ 37. Kg2 Rd8 38. Qe7 Qc8 39. Qxa7 Rd7
40. Qb6 Qa8+ 41. Qc6 Qxa2 42. Nde2 Qa7 43. Qc8+ Kh7 44. Nh3 Qb7+ 45. Qxb7 Rxb7
46. Nd4 Rb4 47. Ng5+ Kg7 48. Ngf3 Nf6 49. Kf1 Ne4 50. Ke2 Nc5 51. Kf1 Nxb3 52.
Nxb3 Rxb3 53. Kg2 Kf6 54. Nd4 Rb2 55. Nf3 Kf5 56. Ng5 f6 57. Nf3 Ke4 58. Ng1
Ra2 59. Nh3 Rb2 60. Nf4 Kf5 61. Nd5 Rd2 62. Ne7+ Kg4 63. Nxg6 Ra2 64. Nf4 Rb2
65. Nd5 Kf5 66. Ne3+ Kg6 67. Nd5 Kf5 68. Kf3 Kg6 69. Nf4+ Kh6 70. Kg2 Ra2
1/2-1/2

[Event "18th Tilburg Interpolis it"]
[Site "Tilburg NED"]
[Date "1994.??.??"]
[Round "2.4"]
[White "Kengis, Edvins"]
[Black "Cvitan, Ognjen"]
[Result "0-1"]
[WhiteElo "2580"]
[BlackElo "2585"]
[EventDate "1994.??.??"]
[PlyCount "70"]

1. e4 c5 2. Nf3 e6 3. c4 Nc6 4. Nc3 e5 5. Be2 d6 6. O-O g6 7. Nd5 Bg7 8. Rb1
Nge7 9. a3 a5 10. d3 O-O 11. Bd2 Bg4 12. Nxe5 Nxe5 13. Bxg4 Nxd5 14. exd5 Nxd3
15. Be2 Ne5 16. f4 Nd7 17. Bd3 Re8 18. Kh1 Bd4 19. Qf3 Qh4 20. g3 Qf6 21. g4
Bxb2 22. g5 Qd4 23. Qh3 Bc3 24. Bxc3 Qxc3 25. Rxb7 Nf8 26. f5 Rab8 27. fxg6
Rxb7 28. gxf7+ Rxf7 29. Rxf7 Re1+ 30. Rf1 Rxf1+ 31. Bxf1 Qc1 32. Qf5 Qxa3 33.
Kg2 Qb2+ 34. Kg3 a4 35. Bd3 a3 0-1

[Event "18th Tilburg Interpolis it"]
[Site "Tilburg NED"]
[Date "1994.??.??"]
[Round "2.3"]
[White "Hjartarson, Johann"]
[Black "Rozentalis, Eduardas"]
[Result "1-0"]
[WhiteElo "2585"]
[BlackElo "2595"]
[EventDate "1994.??.??"]
[PlyCount "87"]

1. e4 e6 2. d4 d5 3. Nc3 Nc6 4. Nf3 Nf6 5. e5 Ne4 6. Bd3 Bb4 7. Bd2 Nxd2 8.
Qxd2 f6 9. a3 Bxc3 10. Qxc3 fxe5 11. dxe5 O-O 12. h4 Qe7 13. Qd2 Bd7 14. Qe3
Be8 15. c3 Bh5 16. Nd4 Nxd4 17. cxd4 Qf7 18. Rc1 c6 19. f3 Bg6 20. Be2 h6 21.
g3 Bh7 22. Kf2 Qe7 23. Kg2 Rf7 24. Rc3 Raf8 25. b4 a6 26. h5 Qg5 27. Qxg5 hxg5
28. Kf2 Be4 29. Rf1 Kh7 30. Kg1 Bf5 31. g4 Bxg4 32. fxg4 Rxf1+ 33. Bxf1 Rf4 34.
Be2 Rxd4 35. Kf2 Kh6 36. Rf3 Rxg4 37. Rf8 Rf4+ 38. Rxf4 gxf4 39. Bg4 b6 40. Kf3
Kg5 41. Bxe6 d4 42. Bc4 a5 43. bxa5 bxa5 44. e6 1-0

[Event "18th Tilburg Interpolis it"]
[Site "Tilburg NED"]
[Date "1994.??.??"]
[Round "2.4"]
[White "Hjartarson, Johann"]
[Black "Rozentalis, Eduardas"]
[Result "0-1"]
[WhiteElo "2585"]
[BlackElo "2595"]
[EventDate "1994.??.??"]
[PlyCount "80"]

1. c4 e6 2. Nf3 Nf6 3. g3 b6 4. Bg2 Bb7 5. O-O Be7 6. Nc3 O-O 7. Re1 d5 8. cxd5
Nxd5 9. e4 Nxc3 10. bxc3 c5 11. d4 Nd7 12. a4 cxd4 13. cxd4 Nf6 14. Qd3 Rc8 15.
Bb2 Rc7 16. a5 bxa5 17. Re2 Rc6 18. Ne5 Rb6 19. Rc2 Qa8 20. Nc4 Bxe4 21. Bxe4
Nxe4 22. Nxb6 axb6 23. Qb5 Nf6 24. Qxb6 Qe4 25. Qc6 Nd5 26. Qc4 Bb4 27. Ba3 h5
28. Bxb4 axb4 29. Qe2 Qg6 30. Rac1 Nc3 31. Qf3 Rd8 32. Rd2 h4 33. Kg2 Ne4 34.
Rb2 Rxd4 35. Qe3 e5 36. Rc8+ Kh7 37. f3 Nxg3 38. hxg3 Qxg3+ 39. Kf1 Rd1+ 40.
Ke2 Qe1# 0-1

[Event "18th Tilburg Interpolis it"]
[Site "Tilburg NED"]
[Date "1994.??.??"]
[Round "2.5"]
[White "Rozentalis, Eduardas"]
[Black "Hjartarson, Johann"]
[Result "0-1"]
[WhiteElo "2595"]
[BlackElo "2585"]
[EventDate "1994.??.??"]
[PlyCount "80"]

1. e4 Nf6 2. e5 Nd5 3. g3 d6 4. exd6 cxd6 5. Bg2 Nf6 6. d4 g6 7. c4 Bg7 8. Nc3
O-O 9. Nge2 Nc6 10. O-O a6 11. b3 Rb8 12. h3 Bd7 13. d5 Na5 14. Nd4 Qc8 15. Kh2
b5 16. Rb1 bxc4 17. b4 Nb7 18. Be3 Nd8 19. Qd2 e5 20. Nde2 Bf5 21. Rb2 h5 22.
a4 Bd3 23. Rc1 Qd7 24. a5 Nh7 25. b5 axb5 26. a6 f5 27. a7 Ra8 28. f4 Bxe2 29.
Qxe2 exf4 30. gxf4 Re8 31. Qf2 Nb7 32. Rxb5 Bxc3 33. Rxb7 Qxb7 34. Rxc3 Nf6 35.
Bd4 Ne4 36. Bxe4 Rxe4 37. Rxc4 Rxa7 38. Qc2 Qe7 39. Qc3 Re2+ 40. Kg3 h4+ 0-1

[Event "18th Tilburg Interpolis it"]
[Site "Tilburg NED"]
[Date "1994.??.??"]
[Round "2.6"]
[White "Hjartarson, Johann"]
[Black "Rozentalis, Eduardas"]
[Result "1/2-1/2"]
[WhiteElo "2585"]
[BlackElo "2595"]
[EventDate "1994.??.??"]
[PlyCount "71"]

1. c4 e6 2. g3 Nf6 3. Bg2 d5 4. Nf3 Be7 5. O-O O-O 6. d4 dxc4 7. Qc2 a6 8. a4
Bd7 9. Qxc4 Bc6 10. Bg5 a5 11. Nc3 Na6 12. Rac1 Nb4 13. Bxf6 Bxf6 14. e4 b6 15.
Rfd1 Bb7 16. d5 exd5 17. exd5 Ba6 18. Qb3 Nd3 19. Rb1 Nc5 20. Qc2 Re8 21. h4
Qd6 22. Nd4 Bxd4 23. Rxd4 Re7 24. Bf1 Bxf1 25. Rxf1 Rae8 26. Nb5 Qe5 27. d6
cxd6 28. Rxd6 Re6 29. Rfd1 g6 30. Rxe6 Rxe6 31. Nc3 h5 32. Rd5 Qe1+ 33. Kg2 Kg7
34. Rd4 Qe5 35. Rf4 Rd6 36. Rf3 1/2-1/2

[Event "18th Tilburg Interpolis it"]
[Site "Tilburg NED"]
[Date "1994.??.??"]
[Round "2.7"]
[White "Rozentalis, Eduardas"]
[Black "Hjartarson, Johann"]
[Result "1/2-1/2"]
[WhiteElo "2595"]
[BlackElo "2585"]
[EventDate "1994.??.??"]
[PlyCount "124"]

1. e4 d6 2. d4 Nf6 3. Nc3 g6 4. Nf3 Bg7 5. Be2 O-O 6. O-O c6 7. a4 a5 8. h3 Qc7
9. Bf4 Nh5 10. Be3 e5 11. Qd2 Na6 12. Rad1 Re8 13. dxe5 dxe5 14. Bc4 Nf4 15.
Bxf4 exf4 16. e5 Bf5 17. Ng5 Re7 18. Qxf4 Qxe5 19. Qxe5 Bxe5 20. Rfe1 Rae8 21.
Rxe5 Rxe5 22. Bxf7+ Kg7 23. Bxe8 Rxe8 24. g4 Bc8 25. Nge4 Re7 26. Nd6 Be6 27.
Re1 Nc5 28. Re5 b6 29. Nc8 Rb7 30. Nxb6 Rxb6 31. Rxc5 Rxb2 32. Ne2 Bd5 33. Kh2
Ra2 34. Nd4 Rxa4 35. Nxc6 Bxc6 36. Rxc6 g5 37. Kg3 h6 38. h4 Ra3+ 39. c3 a4 40.
f4 gxf4+ 41. Kxf4 Rb3 42. Rc7+ Kf6 43. Rc6+ Kg7 44. Ke4 a3 45. Kd4 Rb1 46. Ra6
Rg1 47. Rxa3 Rxg4+ 48. Kd5 Rxh4 49. c4 Rh1 50. c5 Rc1 51. c6 h5 52. Ra4 Kf6 53.
Kd6 Rd1+ 54. Kc7 Rc1 55. Ra5 Kg6 56. Kb6 h4 57. c7 h3 58. Ra1 Rxc7 59. Kxc7 Kg5
60. Kd6 Kf4 61. Ra3 Kg4 62. Ra2 Kg3 1/2-1/2

[Event "18th Tilburg Interpolis it"]
[Site "Tilburg NED"]
[Date "1994.??.??"]
[Round "2.4"]
[White "Kurajica, Bojan"]
[Black "Karpov, Anatoly"]
[Result "1-0"]
[WhiteElo "2565"]
[BlackElo "2780"]
[EventDate "1994.??.??"]
[PlyCount "81"]

1. d4 Nf6 2. Nf3 e6 3. e3 b6 4. c4 Bb7 5. Bd3 Be7 6. O-O O-O 7. Nc3 d5 8. cxd5
exd5 9. b3 Nbd7 10. Bb2 Ne4 11. Rc1 Ndf6 12. Ne2 Bd6 13. Ne5 c5 14. f3 Ng5 15.
Ng3 cxd4 16. exd4 g6 17. Qd2 Ne6 18. Qh6 Rc8 19. Rxc8 Qxc8 20. Nf5 Qd8 21. Qg7+
Nxg7 22. Nh6+ Kh8 23. Nexf7+ Rxf7 24. Nxf7+ Kg8 25. Nxd8 Bc8 26. Nc6 a5 27. Re1
Kf8 28. Bc1 Ne6 29. Be3 Bd7 30. Ne5 Be8 31. Bh6+ Ke7 32. Be3 Ba3 33. Re2 Nd7
34. Nxd7 Bxd7 35. h4 Bd6 36. a4 Kd8 37. h5 gxh5 38. Bxh7 Nf4 39. Rc2 b5 40.
axb5 Bxb5 41. Bxf4 1-0

[Event "18th Tilburg Interpolis it"]
[Site "Tilburg NED"]
[Date "1994.??.??"]
[Round "2.6"]
[White "Kurajica, Bojan"]
[Black "Karpov, Anatoly"]
[Result "1/2-1/2"]
[WhiteElo "2565"]
[BlackElo "2780"]
[EventDate "1994.??.??"]
[PlyCount "143"]

1. d4 Nf6 2. Nf3 e6 3. e3 b6 4. c4 Bb7 5. Bd3 d5 6. cxd5 exd5 7. O-O Bd6 8. Nc3
a6 9. b3 O-O 10. Bb2 Nbd7 11. Rc1 Re8 12. Ne2 Ne4 13. Qc2 c5 14. Ng3 Rc8 15.
Qe2 b5 16. dxc5 Ndxc5 17. Nf5 Nxd3 18. Qxd3 Bf8 19. Qd4 f6 20. Ng3 Qe7 21. Qb6
Qd7 22. Qd4 Qe6 23. Ne2 Rxc1 24. Rxc1 Rc8 25. Rxc8 Qxc8 26. Qd1 Bd6 27. Nfd4 b4
28. f3 Ng5 29. Nf4 Qc7 30. Qd2 Qd7 31. Nde2 Nf7 32. Nd4 Nd8 33. h4 a5 34. h5
Bxf4 35. exf4 Ne6 36. h6 g6 37. Qe3 Kf7 38. f5 Nxd4 39. fxg6+ Kxg6 40. Qxd4 Qe6
41. Qf4 Ba6 42. Bd4 Bd3 43. Kh2 Qf5 44. Qd2 Bb1 45. Bb6 Qg5 46. Be3 Qh4+ 47.
Kg1 d4 48. Bxd4 Qxh6 49. Be3 Qh4 50. Bf2 Qg5 51. Be3 Qe5 52. Kf2 Qa1 53. Qd5
Qb2+ 54. Kg1 Kg7 55. Qxa5 Bxa2 56. Qxb4 Qxb3 57. Qg4+ Kf7 58. Qh5+ Ke6 59. Bf4
Qa4 60. Qg4+ Kf7 61. Qf5 Qd1+ 62. Kh2 Bb1 63. Qb5 Qd3 64. Qb7+ Kg6 65. Qc8 Kg7
66. Qh3 Ba2 67. Qh6+ Kf7 68. Qh5+ Ke7 69. Qc5+ Ke6 70. Qc8+ Kf7 71. Bg3 Be6 72.
Qc7+ 1/2-1/2

[Event "18th Tilburg Interpolis it"]
[Site "Tilburg NED"]
[Date "1994.??.??"]
[Round "2.3"]
[White "Pigusov, Evgeny"]
[Black "Romanishin, Oleg"]
[Result "1-0"]
[WhiteElo "2575"]
[BlackElo "2605"]
[EventDate "1994.??.??"]
[PlyCount "77"]

1. Nf3 Nf6 2. c4 c6 3. g3 d5 4. b3 g6 5. Bb2 Bg7 6. Bg2 O-O 7. O-O Bg4 8. h3
Bxf3 9. Bxf3 Re8 10. d4 Ne4 11. Qc2 f5 12. e3 e6 13. Bg2 Nd7 14. Nc3 Nxc3 15.
Bxc3 Nf6 16. Rfd1 Ne4 17. Be1 Qe7 18. b4 h5 19. Rac1 h4 20. g4 Nd6 21. c5 Ne4
22. a4 e5 23. dxe5 Qxe5 24. b5 Re7 25. a5 a6 26. bxc6 bxc6 27. Rb1 Qe6 28. Qe2
Nc3 29. Bxc3 Bxc3 30. Rb6 Rd8 31. Qxa6 Rc7 32. Rb3 Bf6 33. Qe2 d4 34. Rb6 dxe3
35. Rxd8+ Bxd8 36. Qxe3 Qxe3 37. fxe3 Rc8 38. Bxc6 Bxb6 39. cxb6 1-0

[Event "18th Tilburg Interpolis it"]
[Site "Tilburg NED"]
[Date "1994.??.??"]
[Round "2.4"]
[White "Romanishin, Oleg"]
[Black "Pigusov, Evgeny"]
[Result "0-1"]
[WhiteElo "2605"]
[BlackElo "2575"]
[EventDate "1994.??.??"]
[PlyCount "92"]

1. Nf3 c5 2. g3 Nf6 3. Bg2 g6 4. O-O Bg7 5. d4 cxd4 6. Nxd4 O-O 7. c4 d6 8. b3
Nc6 9. Bb2 Bd7 10. e3 a6 11. Nc3 Qa5 12. h3 Rab8 13. Re1 Rfe8 14. a3 Qh5 15.
Qxh5 Nxh5 16. Nd5 Nf6 17. Nb6 Red8 18. b4 Be8 19. Rac1 Kf8 20. Red1 Nd7 21. Nd5
Nf6 22. Nxc6 Bxc6 23. Bxf6 Bxf6 24. Nxf6 exf6 25. Bf1 Ke7 26. Rd4 Bd7 27. Rcd1
Be6 28. g4 b6 29. f4 a5 30. e4 f5 31. exf5 gxf5 32. Re1 Kf6 33. g5+ Ke7 34. Rd5
axb4 35. axb4 Kf8 36. Rd4 Ra8 37. Bg2 Ra4 38. Rb1 Ke7 39. Bc6 Ra3 40. h4 Rc3
41. Re1 Kf8 42. Bb5 Ra8 43. Re2 Ke7 44. h5 Raa3 45. Bc6 Re3 46. Red2 Rac3 0-1

[Event "18th Tilburg Interpolis it"]
[Site "Tilburg NED"]
[Date "1994.??.??"]
[Round "2.6"]
[White "Portisch, Lajos"]
[Black "Tkachiev, Vladislav"]
[Result "1/2-1/2"]
[WhiteElo "2610"]
[BlackElo "2535"]
[EventDate "1994.??.??"]
[PlyCount "127"]

1. c4 Nf6 2. Nc3 g6 3. e4 d6 4. d4 Bg7 5. f3 O-O 6. Be3 a6 7. Bd3 Nfd7 8. f4 c5
9. d5 b5 10. cxb5 axb5 11. Bxb5 Qa5 12. Nge2 Nf6 13. Bd3 Ng4 14. Bg1 Qb4 15.
Qd2 Ba6 16. Bxa6 Nxa6 17. a3 Qc4 18. Rc1 Rfb8 19. Ng3 Qb3 20. h3 Nf6 21. Rc2
Nd7 22. Bf2 Nb6 23. O-O Nc4 24. Qe2 Nxb2 25. e5 Na4 26. Nce4 Nc7 27. exd6 exd6
28. Nxd6 Nxd5 29. Qc4 Nxf4 30. Qxf4 Qxc2 31. Qxf7+ Kh8 32. Qe6 Rf8 33. Nge4 Nc3
34. Ng5 h6 35. Ndf7+ Rxf7 36. Nxf7+ Kh7 37. Re1 Rxa3 38. Nd6 Nd1 39. Re2 Qc1
40. Re1 Qc2 41. Re2 Qb1 42. Re1 Qc2 43. Re2 Qc1 44. Re1 Ra1 45. Qe2 Nc3 46. Qe7
Qg5 47. Qxg5 Rxe1+ 48. Bxe1 hxg5 49. Kf1 Nd5 50. Bd2 Nf4 51. h4 Ne6 52. hxg5
Bf8 53. Ne4 Be7 54. Ke2 c4 55. Be3 Kg7 56. Kd2 Bb4+ 57. Kc2 Kf7 58. Bd2 Nd4+
59. Kb2 Bxd2 60. Nxd2 Ke6 61. Nxc4 Kf5 62. Kc3 Ne2+ 63. Kd2 Nf4 64. g4+ 1/2-1/2

[Event "18th Tilburg Interpolis it"]
[Site "Tilburg NED"]
[Date "1994.??.??"]
[Round "3.3"]
[White "Bareev, Evgeny"]
[Black "Luther, Thomas"]
[Result "1-0"]
[WhiteElo "2675"]
[BlackElo "2520"]
[EventDate "1994.??.??"]
[PlyCount "83"]

1. d4 e6 2. c4 Nf6 3. Nc3 Bb4 4. Bg5 c5 5. d5 exd5 6. cxd5 d6 7. e3 Nbd7 8. Bh4
Qa5 9. Nge2 Bxc3+ 10. Nxc3 Qb4 11. Bxf6 Nxf6 12. Bb5+ Bd7 13. Bxd7+ Nxd7 14.
Qc2 O-O 15. O-O Rfe8 16. a3 Qb6 17. a4 Ne5 18. a5 Qd8 19. h3 a6 20. b3 Rc8 21.
f4 Nd7 22. e4 b5 23. axb6 Qxb6 24. Kh1 c4 25. b4 Qxb4 26. Rfb1 Qc5 27. Rxa6 Nf6
28. Re1 h5 29. Qd1 Qb4 30. Re3 Qc5 31. Qf3 h4 32. Re1 g6 33. e5 Nh5 34. Ne4 Qb4
35. Qf2 dxe5 36. fxe5 c3 37. Nd6 Ng3+ 38. Kg1 c2 39. Qxf7+ Kh8 40. Qf6+ Kh7 41.
Ra7+ Kh6 42. Nf7+ 1-0

[Event "18th Tilburg Interpolis it"]
[Site "Tilburg NED"]
[Date "1994.??.??"]
[Round "3.3"]
[White "Cvitan, Ognjen"]
[Black "Pigusov, Evgeny"]
[Result "0-1"]
[WhiteElo "2585"]
[BlackElo "2575"]
[EventDate "1994.??.??"]
[PlyCount "138"]

1. Nf3 Nf6 2. d4 e6 3. e3 b6 4. Bd3 Bb7 5. O-O c5 6. c4 cxd4 7. exd4 Be7 8. Nc3
d5 9. cxd5 Nxd5 10. Ne5 O-O 11. Qg4 Nf6 12. Qg3 Nbd7 13. Rd1 a6 14. Bh6 Ne8 15.
Be3 Ndf6 16. Bc4 Nd6 17. Bb3 Nf5 18. Qh3 Nxe3 19. fxe3 Bd6 20. Ng4 Ne4 21. Nxe4
Bxe4 22. Nf2 Bg6 23. e4 b5 24. e5 Bc7 25. d5 Bxe5 26. dxe6 Qb6 27. e7 Rfe8 28.
Rd7 Qc5 29. Qf3 Rac8 30. h4 Rxe7 31. Rxe7 Qxe7 32. h5 Bc2 33. Rc1 Bf5 34. Re1
g6 35. g4 Bh2+ 36. Kxh2 Qxe1 37. gxf5 Qe5+ 38. Kg2 Qxf5 39. Qxf5 gxf5 40. Nd3
Kg7 41. Kf3 Kf6 42. Ke3 a5 43. a4 bxa4 44. Bxa4 Rc4 45. b3 Rh4 46. Nf4 Ke5 47.
Nd3+ Kf6 48. Nf4 Kg5 49. Nd5 Rxh5 50. Ne7 Rh3+ 51. Kf2 Rc3 52. Nc6 Rc5 53. Nd4
h5 54. Be8 Rd5 55. Nf3+ Kf4 56. Bxf7 Rd3 57. Nh4 Rd2+ 58. Kf1 Rd6 59. Ng2+ Kg5
60. Ne3 Rd2 61. Nc4 Ra2 62. Be8 h4 63. Ba4 h3 64. Kg1 Kf4 65. Bb5 h2+ 66. Kh1
Kg3 67. Ne3 Ra1+ 68. Nf1+ Kf2 69. Kxh2 Rxf1 0-1

[Event "18th Tilburg Interpolis it"]
[Site "Tilburg NED"]
[Date "1994.??.??"]
[Round "3.4"]
[White "Pigusov, Evgeny"]
[Black "Cvitan, Ognjen"]
[Result "1/2-1/2"]
[WhiteElo "2575"]
[BlackElo "2585"]
[EventDate "1994.??.??"]
[PlyCount "131"]

1. Nf3 g6 2. d4 Nf6 3. c4 Bg7 4. g3 d5 5. cxd5 Nxd5 6. Bg2 Nb6 7. O-O Nc6 8.
Nc3 Nxd4 9. Nxd4 Qxd4 10. Nb5 Qc4 11. Qb3 O-O 12. Qxc4 Nxc4 13. Nxc7 Rb8 14.
Nd5 Re8 15. Bf4 e5 16. Bg5 Nxb2 17. Nc7 Rf8 18. Be7 Bf5 19. Bxf8 Kxf8 20. Rac1
e4 21. Nd5 Rd8 22. Ne3 Bh6 23. Rc2 Bxe3 24. Rxb2 Bc5 25. Rxb7 Rd2 26. e3 Rxa2
27. Rc1 Bb6 28. Bf1 Rd2 29. Bc4 Rd7 30. Rxd7 Bxd7 31. Rd1 Ke7 32. Kg2 Bg4 33.
Rb1 Bd7 34. h3 f5 35. Bd5 h6 36. g4 Kf6 37. gxf5 Bxf5 38. h4 Ke5 39. Rb5 Kd6
40. Ba8 h5 41. Rd5+ Ke6 42. Bc6 Bg4 43. Rd2 Bf3+ 44. Kg1 Kf5 45. Bd7+ Ke5 46.
Bh3 Bc5 47. Rd8 Be7 48. Re8 Kf6 49. Bg2 Kf7 50. Ra8 Bxh4 51. Rxa7+ Kf6 52. Bxf3
exf3 53. Ra4 g5 54. Ra5 Kg6 55. Ra6+ Kg7 56. Ra7+ Kg6 57. e4 g4 58. Ra6+ Kg5
59. e5 g3 60. fxg3 Bxg3 61. e6 Kf6 62. Ra3 f2+ 63. Kg2 h4 64. Rf3+ Kxe6 65.
Rxf2 Bxf2 66. Kxf2 1/2-1/2

[Event "18th Tilburg Interpolis it"]
[Site "Tilburg NED"]
[Date "1994.??.??"]
[Round "4.6"]
[White "Sokolov, Ivan"]
[Black "Georgiev, Kiril"]
[Result "1/2-1/2"]
[WhiteElo "2625"]
[BlackElo "2615"]
[EventDate "1994.??.??"]
[PlyCount "155"]

1. d4 d5 2. c4 e6 3. Nc3 Nf6 4. cxd5 exd5 5. Bg5 c6 6. e3 Bf5 7. Qf3 Bg6 8.
Bxf6 Qxf6 9. Qxf6 gxf6 10. Nge2 Bd6 11. a3 Nd7 12. Kd2 Nb6 13. b3 a5 14. a4 Bb4
15. Nf4 Ke7 16. h4 Rac8 17. h5 Bf5 18. Bd3 Be6 19. h6 c5 20. Rhc1 f5 21. Nfe2
Rhg8 22. g3 Rg6 23. Rh1 Nd7 24. Rac1 Nf6 25. Kd1 Ng4 26. Rf1 Rxh6 27. Nf4 Nf6
28. dxc5 Rxc5 29. Nce2 Ne4 30. Rxc5 Bxc5 31. f3 Nd6 32. Nd4 Rh2 33. Be2 Kf6 34.
Kd2 Bb4+ 35. Kd3 b6 36. Rc1 Bc5 37. Kd2 Bb4+ 38. Kd3 Bc5 39. Kd2 Ke7 40. Nd3
Nb7 41. Nf4 Bb4+ 42. Kc2 Nc5 43. Nc6+ Kd6 44. Nxb4 axb4 45. Rd1 Nd7 46. Rd4 Kc5
47. Nd3+ Kd6 48. Kd2 Rh3 49. Rxb4 Rxg3 50. Rh4 Nf6 51. b4 Rg1 52. Rh6 Rg6 53.
Rh1 Rg8 54. a5 bxa5 55. bxa5 Ra8 56. Ra1 Nd7 57. a6 Nb6 58. Ke1 Nc4 59. Kf2 Ra7
60. Nf4 Kc5 61. e4 fxe4 62. fxe4 Nb6 63. Rc1+ Kd6 64. Rb1 Kc7 65. Rh1 Kd6 66.
Rxh7 dxe4 67. Nxe6 Kxe6 68. Ke3 Ke5 69. Kf2 Kd4 70. Rh8 f5 71. Rd8+ Nd5 72. Bb5
Kc5 73. Rb8 Nc7 74. Be2 Nxa6 75. Rb5+ Kc6 76. Ra5 Kb6 77. Rb5+ Kc6 78. Ra5
1/2-1/2